| 000 | 01121nas a2200349 4500 | ||
|---|---|---|---|
| 001 | BR2018001253 | ||
| 003 | BR-BrBNA | ||
| 005 | 20231205131339.0 | ||
| 007 | ta | ||
| 008 | 230509b bl.|||p| |||| 00| 00por d | ||
| 040 |
_aBR-BrBNA _bpor _cBiblioteca Nacional de Agricultura |
||
| 041 | _a(En) | ||
| 072 | _aL51; L01 | ||
| 100 | 1 | _aMuñoz, J.A. | |
| 100 | 1 | _aSuckeveris, D. | |
| 100 | 1 | _aDemuner, L.F. | |
| 100 | 1 | _aSaccomani, A.P.O. | |
| 100 | 1 | _aSilva, A.L. | |
| 100 | 1 | _aSilva, R.T. | |
| 100 | 1 | _aFaria Filho, D.E. | |
| 100 | 1 | _aFaria, D.E. | |
| 245 | 1 | _aEffects of nutritional levels on performance, carcass characteristics and nutrient digestibility of sexed broilers | |
| 650 | _aFRANGO DE CORTE | ||
| 650 | _aDIETA | ||
| 650 | _aEXIGêNCIA NUTRICIONAL | ||
| 650 | _aDIGESTIBILIDADE | ||
| 650 | _aCARCAÇA | ||
| 773 | 0 |
_tBrazilian Journal of Poultry Science (Brazil) _xISSN 1806-9061 _g(Jan-Mar 2018), v. 20(1) p. 53-61 _wBR2018001253 |
|
| 856 | 4 | 0 | _uhttp://www.scielo.br/pdf/rbca/v20n1/1516-635X-rbca-20-01-00053.pdf |
| 909 |
_a202311 _bLúcia _c55 _dLúcia Elande |
||
| 942 |
_2AGRIS _n0 _cANA |
||
| 999 |
_c254312 _d254312 |
||